000 00935nam a22003017a 4500
001 BR0304749
003 BR-BrBNA
005 20230928101401.0
007 ta
008 230509b bl.||||| |||| 00| 0 por d
040 _aBR-BrBNA
_bpor
_cBiblioteca Nacional de Agricultura
041 _a(Por)
072 _aE14
090 _ E14 BR0304749
100 1 _aBecker, B.K.
100 1 _aEgler, C.A.G.
110 1 _aMinistério do Meio Ambiente, dos Recursos Hídricos e da Amazônia Legal, Brasília, DF (Brasil)
245 1 _aDetalhamento da metodologia para execução do zoneamento ecológico-econômico pelos estados da Amazônia Legal
260 3 _aBrasília, DF (Brasil):
_c1997.
300 _a43 p.
650 _aDESENVOLVIMENTO ECONÔMICO
650 _aZONEAMENTO ECOLÓGICO
650 _aMEIO AMBIENTE
650 _aRECURSO NATURAL
650 _aAMAZÔNIA
909 _a202309
_bLucia
_c55
_dLucia Elande
942 _cBK
999 _c65551
_d65551